书目信息 |
| 题名: |
化工热力学
|
|
| 作者: | 张乃文 , 于志家 编著 | |
| 分册: | ||
| 出版信息: | 大连 大连理工大学出版社 2014 |
|
| 页数: | 371页 | |
| 开本: | 26cm | |
| 丛书名: | ||
| 单 册: | ||
| 中图分类: | TQ013.1 | |
| 科图分类: | ||
| 主题词: | 化工热力学--高等学校--教材 | |
| 电子资源: | ||
| ISBN: | 978-7-5611-9586-4 | |
| 000 | 00991nam0 2200277 450 | |
| 001 | 012015000123 | |
| 005 | 20151130110153.21 | |
| 010 | @a978-7-5611-9586-4@dCNY45.00 | |
| 100 | @a20150121d2014 em y0chiy50 ea | |
| 101 | 0 | @achi |
| 102 | @aCN@b210000 | |
| 105 | @ay z 000yy | |
| 106 | @ar | |
| 200 | 1 | @a化工热力学@Ahua gong re li xue@dChemical engineering thermodynamics@f张乃文,于志家编著@zeng |
| 205 | @a2版 | |
| 210 | @a大连@c大连理工大学出版社@d2014 | |
| 215 | @a371页@d26cm | |
| 300 | @a高等学校理工科化学化工类规划教材 | |
| 330 | @a本书共分8章,内容包括:流体的p-V-T性质,纯流体的热力学性质,溶液的热力学性质,流体相平衡,化工过程能量分析,压缩、膨胀,动力循环与制冷循环,化学反应平衡等。 | |
| 510 | 1 | @aChemical engineering thermodynamics@zeng |
| 606 | 0 | @a化工热力学@x高等学校@j教材 |
| 690 | @aTQ013.1@v5 | |
| 701 | 0 | @a张乃文@Azhang nai wen@4编著 |
| 701 | 0 | @a于志家@Ayu zhi jia@4编著 |
| 801 | 0 | @aCN@b碧洲教育@c20151127 |
| 905 | @a10447@f4@dTQ013.1@e254=2 | |
| 化工热力学=Chemical engineering thermodynamics/张乃文,于志家编著.-2版.-大连:大连理工大学出版社,2014 |
| 371页;26cm |
| 高等学校理工科化学化工类规划教材 |
| ISBN 978-7-5611-9586-4:CNY45.00 |
| 本书共分8章,内容包括:流体的p-V-T性质,纯流体的热力学性质,溶液的热力学性质,流体相平衡,化工过程能量分析,压缩、膨胀,动力循环与制冷循环,化学反应平衡等。 |
| ● |
| 相关链接 |
|
|
|
|
正题名:化工热力学
索取号:TQ013.1/254=2
 
预约/预借
| 序号 | 登录号 | 条形码 | 馆藏地/架位号 | 状态 | 备注 |
| 1 | 0871300 | 208713007 | 第二样本阅览室/ [索取号:TQ013.1/254=2] | 在馆 | |
| 2 | 0871301 | 208713016 | 第三借阅区/ [索取号:TQ013.1/254=2] | 在馆 | |
| 3 | 0871302 | 208713025 | 第三借阅区/ [索取号:TQ013.1/254=2] | 在馆 | |
| 4 | 0871303 | 208713034 | 第三借阅区/ [索取号:TQ013.1/254=2] | 在馆 |